Greece Thessaloniki Quiz Stats

 Plays Quiz not verified by Sporcle

Score 0/10 Timer 10:00
0 Plays Today
% Correct
Kalamaria
94.3%
Thessaloniki
89.5%
Evosmos
75.2%
Sykies
61.9%
Neapoli
61.9%
Pylaia
56.2%
Stavroupoli
48.6%
Menemeni
46.7%
Polichni
40%
Ampelokipoi
35.2%

You're not logged in!

Compare scores with friends on all Sporcle quizzes.
OR
Log In

Show Comments

Extras

Top Quizzes Today


Score Distribution

Your Account Isn't Verified!

In order to create a playlist on Sporcle, you need to verify the email address you used during registration. Go to your Sporcle Settings to finish the process.

Report this User

Report this user for behavior that violates our Community Guidelines.

Details: